000 00394nam a22001337a 4500
999 _c192688
_d192688
003 OSt
082 _aIIMI/RR.2
100 _aPerry, C J
245 _aAlternative approaches to cost sharing for water service to agriculture in Egypt:
_bresearch report - 2
260 _aSri Lanka
_bInternational irrigation managemnet institute
_c1996
300 _a15p.
546 _aEnglish
942 _2ddc
_cREP